Competition law / (Record no. 3689)

000 -LEADER
fixed length control field 01263cam a2200361 a 4500
001 - CONTROL NUMBER
control field 13690697
003 - CONTROL NUMBER IDENTIFIER
control field OSt
005 - DATE AND TIME OF LATEST TRANSACTION
control field 20161031152316.0
008 - FIXED-LENGTH DATA ELEMENTS--GENERAL INFORMATION
fixed length control field 031117s2003 enka b 001 0 eng
010 ## - LIBRARY OF CONGRESS CONTROL NUMBER
LC control number 2004444877
015 ## - NATIONAL BIBLIOGRAPHY NUMBER
National bibliography number GBA3-W5620
020 ## - INTERNATIONAL STANDARD BOOK NUMBER
International Standard Book Number 0406959501
035 ## - SYSTEM CONTROL NUMBER
System control number (OCoLC)ocm52486495
040 ## - CATALOGING SOURCE
Original cataloging agency UKM
Transcribing agency UKM
Modifying agency GUL
-- DLC
042 ## - AUTHENTICATION CODE
Authentication code lccopycat
043 ## - GEOGRAPHIC AREA CODE
Geographic area code e-uk---
-- e------
050 00 - LIBRARY OF CONGRESS CALL NUMBER
Classification number KD2212.W48 2003
100 1# - MAIN ENTRY--PERSONAL NAME
Personal name Whish, Richard.
245 10 - TITLE STATEMENT
Title Competition law /
Statement of responsibility, etc Richard Whish.
250 ## - EDITION STATEMENT
Edition statement 5th ed.
260 ## - PUBLICATION, DISTRIBUTION, ETC. (IMPRINT)
Place of publication, distribution, etc London ;
-- Dayton, Ohio:
Name of publisher, distributor, etc LexisNexis,
Date of publication, distribution, etc c2003.
300 ## - PHYSICAL DESCRIPTION
Extent xcviii, 989 p. :
Other physical details ill. ;
Dimensions 25 cm.
504 ## - BIBLIOGRAPHY, ETC. NOTE
Bibliography, etc Includes bibliographical references (p. [949]-954) and index.
650 #0 - SUBJECT ADDED ENTRY--TOPICAL TERM
Topical term or geographic name as entry element Restraint of trade
Geographic subdivision Great Britain.
650 #0 - SUBJECT ADDED ENTRY--TOPICAL TERM
Topical term or geographic name as entry element Antitrust law
Geographic subdivision Great Britain.
650 #0 - SUBJECT ADDED ENTRY--TOPICAL TERM
Topical term or geographic name as entry element Restraint of trade
Geographic subdivision European Union countries.
650 #0 - SUBJECT ADDED ENTRY--TOPICAL TERM
Topical term or geographic name as entry element Antitrust law
Geographic subdivision European Union countries.
856 42 - ELECTRONIC LOCATION AND ACCESS
Materials specified Publisher description
Uniform Resource Identifier <a href="http://www.loc.gov/catdir/enhancements/fy0621/2004444877-d.html">http://www.loc.gov/catdir/enhancements/fy0621/2004444877-d.html</a>
856 41 - ELECTRONIC LOCATION AND ACCESS
Materials specified Table of contents only
Uniform Resource Identifier <a href="http://www.loc.gov/catdir/enhancements/fy0621/2004444877-t.html">http://www.loc.gov/catdir/enhancements/fy0621/2004444877-t.html</a>
906 ## - LOCAL DATA ELEMENT F, LDF (RLIN)
a 7
b cbc
c copycat
d 2
e ncip
f 20
g y-gencatlg
942 ## - ADDED ENTRY ELEMENTS (KOHA)
Source of classification or shelving scheme
Koha item type Book
Holdings
Withdrawn status Lost status Source of classification or shelving scheme Damaged status Not for loan Home library Current library Shelving location Date acquired Total Checkouts Total Renewals Full call number Barcode Date last seen Date checked out Copy number Price effective from Koha item type
          Riara University Library Riara University Library General stack 31/10/2016 4 2 KD2212.W48 2003 5856/15 26/03/2026 21/03/2026 C.1 31/10/2016 Book

Riara University Library,
P.O. Box 49940-00100,
Nairobi, Kenya.